00388nam a2200145Ia 4500008004100000020001500041041001200056082001600068100001900084245005800103260003800161300000800199650001800207700001700225221030s9999 xx 000 0 und d a812590767X aEnglish a105.23bChi aK. Chidambaram 0aBusiness Environmentcby K. Chidambaram, V. Alagappan bVikas Pub. HouseaNew Delhic2005 a197 aBE Management aV. Alagappan